书目信息 |
| 题名: |
美体健身普拉提
|
|
| 作者: | 付晶 编著 | |
| 分册: | ||
| 出版信息: | 北京 农村读物出版社 2006 |
|
| 页数: | 137页 | |
| 开本: | 21cm | |
| 丛书名: | ||
| 单 册: | ||
| 中图分类: | G831.3 | |
| 科图分类: | ||
| 主题词: | 健身运动--基本知识 , 健身运动 | |
| 电子资源: | ||
| ISBN: | 7-5048-4580-9 | |
| 000 | 00924nam0 2200277 45 | |
| 001 | 1132161234 | |
| 005 | 20110314090514.14 | |
| 010 | @a7-5048-4580-9@dCNY25.00 | |
| 100 | @a20110121d2006 em y0chiy50 ea | |
| 101 | 0 | @achi |
| 102 | @aCN@b110000 | |
| 105 | @aa z 000yy | |
| 106 | @ar | |
| 200 | 1 | @a美体健身普拉提@AMei Ti Jian Shen Pu La Ti@dPilates@f付晶编著@FFu Jing Bian Zhu@zeng |
| 210 | @a北京@c农村读物出版社@d2006 | |
| 215 | @a137页@c彩图@d21cm@e附光盘1片 | |
| 307 | @a附光盘:ISBN 7-88715-219-4 ISRC CN-M17-06-0000-0 | |
| 330 | @a本书介绍了普拉提的入门知识,以及各种姿势的动作讲解、要领以及作用,包括传统练习、脊背训练、腹部训练、腿部训练、直立式普拉提等。 | |
| 510 | 1 | @aPilates@zeng |
| 606 | 0 | @a健身运动@x基本知识 |
| 606 | 0 | @a健身运动 |
| 610 | 0 | @a普拉提 |
| 690 | @aG831.3@v4 | |
| 701 | 0 | @a付晶@AFu Jing@c(女)@4编著 |
| 801 | 0 | @aCN@bTANGWEI@c20110314 |
| 905 | @b0533332-33@dG831.3@e113@f2 | |
| 美体健身普拉提=Pilates/付晶编著.-北京:农村读物出版社,2006 |
| 137页:彩图;21cm+附光盘1片 |
| ISBN 7-5048-4580-9:CNY25.00 |
| 本书介绍了普拉提的入门知识,以及各种姿势的动作讲解、要领以及作用,包括传统练习、脊背训练、腹部训练、腿部训练、直立式普拉提等。 |
| ● |
| 相关链接 |
|
|
|
|
正题名:美体健身普拉提
索取号:G831.3/113
 
预约/预借
| 序号 | 登录号 | 条形码 | 馆藏地/架位号 | 状态 | 备注 |
| 1 | 0533332 | 205333325 | 第一样本阅览室/ [索取号:G831.3/113] | 在馆 | |
| 2 | 0533333 | 205333334 | 密集书库-体育系/ [索取号:G831.3/113] | 在馆 |